00565nam a2200145Ia 4500008004100000020002200041041000800063082002300071100002500094245005500119260005100174300000900225999001900234952016600253230314s9999 xx 000 0 und d a978-81-948693-2-0 aeng aP/618.9/PAL/DB0877 aPal Panchali9119770 aTextbook of Pediatric Nursing for Nursing Students bCBS Publishers & DistributorsaNew Delhic2021 a568p c144051d144051 001040708PaBTINbBTINd2021-09-27g795.00i1605l44m26oP/618.9/PAL/DB0877pBTIN-DB-877q2026-04-08r2026-03-25 12:19:13s2026-03-25w2021-09-24yDBzDB0877